Els Segadors : himne nacional de Catalunya / Josep Massot i Muntaner, Salvador Pueyo, Oriol Martorell himne nacional de Catalunya / Josep Massot i Muntaner, Salvador Pueyo, Oriol Martorell
Descripción Física:
77 p. : il. ; 25 cm
MARC
| LEADER | 00000nam a2200000Ia 4500 | ||
|---|---|---|---|
| 001 | 1569 | ||
| 008 | 160829s1983 xx 000 0 cat d | ||
| 080 | |a B-1-339 | ||
| 100 | |a Massot i Muntaner, Josep |9 36384 | ||
| 245 | |a Els Segadors : |b himne nacional de Catalunya / Josep Massot i Muntaner, Salvador Pueyo, Oriol Martorell | ||
| 260 | |a Barcelona : |b Departament de Cultura de la Generalitat de Catalunya, |c 1983 | ||
| 300 | |a 77 p. : |b il. ; |c 25 cm | ||
| 650 | |a Himnes nacionals |x Catalunya |9 36385 | ||
| 650 | |a Segadors, Els |9 36386 | ||
| 700 | |a Pueyo, Salvador |9 36387 | ||
| 700 | |a Martorell, Oriol |9 36388 | ||
| 710 | 2 | |a Catalunya. |b Departament de Cultura |9 52819 | |
| 901 | |a Arxiu | ||
| 942 | |n 1 | ||
| 952 | |0 0 |1 0 |4 0 |6 B1339 |7 1 |9 47304 |a Arxiu |b Arxiu |d 2016-12-01 |l 0 |o B-1-339 |p 1569 |r 2016-12-01 00:00:00 |w 2016-12-01 |y ARXIU | ||
| 999 | |c 51101 |d 51101 | ||